Every Jelle's Marble Runs Team that Hosted - Statistics

General Stats
  • This quiz has been taken 15 times
    10 since last reset
  • The average score is 9 of 12
Answer Stats
Year + Tournament Team Name % Correct
2018 Winter Marble League Snowballs
100%
2019 Marble League Oceanics
90%
2023 Marble League Bumblebees
80%
2021 Marble League Crazy Cat's Eyes
80%
2024 Winter Marble League Gliding Glaciers
80%
2022 Marble League Green Ducks
80%
2016/2018 Hubelino Tournaments + 2021 Winter Marble League Special Minty Maniacs
80%
2025 Marble League O'rangers
80%
2020 Marble League Team Galactic
80%
2026 Marble League Pinkies
70%
2021 Marble ManiaX Balls of Chaos
60%
2020 Last Marble Standing Team Purity
40%
No matching quizzes found
Score Distribution
Percent of People with Each Score
Percentile by Number Answered
Your Score History
You have not taken this quiz since the last reset